<?xml version="1.0" encoding="UTF-8"?>
<record
    xmlns:xsi="http://www.w3.org/2001/XMLSchema-instance"
    xsi:schemaLocation="http://www.loc.gov/MARC21/slim http://www.loc.gov/standards/marcxml/schema/MARC21slim.xsd"
    xmlns="http://www.loc.gov/MARC21/slim">

  <leader>00561nam a22001697a 4500</leader>
  <datafield tag="082" ind1=" " ind2=" ">
    <subfield code="a">297.2</subfield>
    <subfield code="b">DHA</subfield>
    <subfield code="c">M</subfield>
  </datafield>
  <datafield tag="100" ind1=" " ind2=" ">
    <subfield code="a">Dhalvi, Muhammad Kifayat ullah</subfield>
    <subfield code="9">51091</subfield>
  </datafield>
  <datafield tag="245" ind1=" " ind2=" ">
    <subfield code="a">&#x6A9;&#x641;&#x627; &#x6CC;&#x62A; &#x627;&#x644;&#x645;&#x641;&#x62A;&#x6CC; &#x645;&#x639; &#x639;&#x646;&#x648;&#x627;&#x646;&#x627;&#x62A;</subfield>
  </datafield>
  <datafield tag="260" ind1=" " ind2=" ">
    <subfield code="a">Karachi,</subfield>
    <subfield code="b">Daraul Ishaat,</subfield>
    <subfield code="c">2001.</subfield>
  </datafield>
  <datafield tag="300" ind1=" " ind2=" ">
    <subfield code="a">349p.364p.459p.410p.469p.</subfield>
  </datafield>
  <datafield tag="526" ind1=" " ind2=" ">
    <subfield code="a">0</subfield>
    <subfield code="b">0</subfield>
    <subfield code="c">0</subfield>
    <subfield code="d">297_200000000000000_DHA</subfield>
  </datafield>
  <datafield tag="526" ind1=" " ind2=" ">
    <subfield code="a">0</subfield>
    <subfield code="b">0</subfield>
    <subfield code="c">0</subfield>
    <subfield code="d">297_200000000000000_DHA</subfield>
  </datafield>
  <datafield tag="526" ind1=" " ind2=" ">
    <subfield code="a">0</subfield>
    <subfield code="b">0</subfield>
    <subfield code="c">0</subfield>
    <subfield code="d">297_200000000000000_DHA</subfield>
  </datafield>
  <datafield tag="526" ind1=" " ind2=" ">
    <subfield code="a">0</subfield>
    <subfield code="b">0</subfield>
    <subfield code="c">0</subfield>
    <subfield code="d">297_200000000000000_DHA</subfield>
  </datafield>
  <datafield tag="526" ind1=" " ind2=" ">
    <subfield code="a">0</subfield>
    <subfield code="b">0</subfield>
    <subfield code="c">0</subfield>
    <subfield code="d">297_200000000000000_DHA</subfield>
  </datafield>
  <datafield tag="942" ind1=" " ind2=" ">
    <subfield code="2">ddc</subfield>
    <subfield code="c">BK</subfield>
  </datafield>
  <datafield tag="999" ind1=" " ind2=" ">
    <subfield code="c">553841</subfield>
    <subfield code="d">553841</subfield>
  </datafield>
  <datafield tag="952" ind1=" " ind2=" ">
    <subfield code="0">0</subfield>
    <subfield code="1">0</subfield>
    <subfield code="2">ddc</subfield>
    <subfield code="4">0</subfield>
    <subfield code="7">0</subfield>
    <subfield code="a">MCE</subfield>
    <subfield code="b">MCE</subfield>
    <subfield code="d">2017-04-21</subfield>
    <subfield code="l">0</subfield>
    <subfield code="o">297.2 DHA</subfield>
    <subfield code="p">MCE-76M</subfield>
    <subfield code="r">2017-04-21</subfield>
    <subfield code="w">2017-04-21</subfield>
    <subfield code="y">BK</subfield>
    <subfield code="z">&#x62C;&#x644;&#x62F; &#x627;&#x648;&#x644;</subfield>
  </datafield>
  <datafield tag="952" ind1=" " ind2=" ">
    <subfield code="0">0</subfield>
    <subfield code="1">0</subfield>
    <subfield code="2">ddc</subfield>
    <subfield code="4">0</subfield>
    <subfield code="7">0</subfield>
    <subfield code="a">MCE</subfield>
    <subfield code="b">MCE</subfield>
    <subfield code="d">2017-04-21</subfield>
    <subfield code="l">0</subfield>
    <subfield code="o">297.2 DHA</subfield>
    <subfield code="p">MCE-77M</subfield>
    <subfield code="r">2017-04-21</subfield>
    <subfield code="w">2017-04-21</subfield>
    <subfield code="y">BK</subfield>
    <subfield code="z">&#x62C;&#x644;&#x62F;&#x62F;&#x648;&#x645;</subfield>
  </datafield>
  <datafield tag="952" ind1=" " ind2=" ">
    <subfield code="0">0</subfield>
    <subfield code="1">0</subfield>
    <subfield code="2">ddc</subfield>
    <subfield code="4">0</subfield>
    <subfield code="7">0</subfield>
    <subfield code="a">MCE</subfield>
    <subfield code="b">MCE</subfield>
    <subfield code="d">2017-04-21</subfield>
    <subfield code="l">0</subfield>
    <subfield code="o">297.2 DHA</subfield>
    <subfield code="p">MCE-78M</subfield>
    <subfield code="r">2017-04-21</subfield>
    <subfield code="w">2017-04-21</subfield>
    <subfield code="y">BK</subfield>
    <subfield code="z">&#x62C;&#x644;&#x62F;&#x633;&#x648;&#x645;</subfield>
  </datafield>
  <datafield tag="952" ind1=" " ind2=" ">
    <subfield code="0">0</subfield>
    <subfield code="1">0</subfield>
    <subfield code="2">ddc</subfield>
    <subfield code="4">0</subfield>
    <subfield code="7">0</subfield>
    <subfield code="a">MCE</subfield>
    <subfield code="b">MCE</subfield>
    <subfield code="d">2017-04-21</subfield>
    <subfield code="l">0</subfield>
    <subfield code="o">297.2 DHA</subfield>
    <subfield code="p">MCE-79M</subfield>
    <subfield code="r">2017-04-21</subfield>
    <subfield code="w">2017-04-21</subfield>
    <subfield code="y">BK</subfield>
    <subfield code="z">&#x62C;&#x644;&#x62F;&#x686;&#x6C1;&#x627;&#x631;&#x645;</subfield>
  </datafield>
  <datafield tag="952" ind1=" " ind2=" ">
    <subfield code="0">0</subfield>
    <subfield code="1">0</subfield>
    <subfield code="2">ddc</subfield>
    <subfield code="4">0</subfield>
    <subfield code="7">0</subfield>
    <subfield code="a">MCE</subfield>
    <subfield code="b">MCE</subfield>
    <subfield code="d">2017-04-21</subfield>
    <subfield code="l">0</subfield>
    <subfield code="o">297.2 DHA</subfield>
    <subfield code="p">MCE-80M</subfield>
    <subfield code="r">2017-04-21</subfield>
    <subfield code="w">2017-04-21</subfield>
    <subfield code="y">BK</subfield>
    <subfield code="z">&#x62C;&#x644;&#x62F;&#x67E;&#x646;&#x62C;&#x645;</subfield>
  </datafield>
</record>
